banner-ar

اضواء على العلاقات الفكرية فى العالم الاسلامى : (Record no. 60047)

MARC details
000 -الفاتح
حقل البيانات ثابتة الطول 01337nam a22002897a 4500
005 - وقت وتاريخ اخر تعامل مع التسجيلة
رقم الضبط 20240530110350.0
008 - عناصر البيانات ثابتة الطول - معلومات عامة
حقل البيانات ثابتة الطول 141217s2006 ua b g b 000 0 ara d
017 ## - رقم الايداع القانونى
رقم الايداع القانونى 10469/2006
المصدر ( الهيئة المختصة) مصر . دار الكتب المصرية
020 ## - الرقم الدولى المعيارى للكتب
الرقم الدولى المعيارى للكتاب 9771021680
040 ## - مصدر الفهرسة
وكالة الفهرسة الأصلية EG-CaGPL
041 1# - رمز اللغة
رمز لغة النص/ المسارات الصوتية أو العنوان الانفرادي ara
رمز لغة الترجمات و/او الاصلية المتوسطة للنص eng
082 04 - رقم تصنيف ديوى العشرى
رقم الطبعة 21
رقم التصنيف 953.07\
رقم المادة م أ
100 1# - المدخل الرئيسى - إسم شخصى
الإسم الشخصى مزاورى ، ميشيل م
245 10 - بيان العنوان
العنوان اضواء على العلاقات الفكرية فى العالم الاسلامى :
بقية العنوان ما بين سقوط الخلافة العباسية و قيام الدولة الصفوية ( 656 - 906 هـ / 1250 - 1500 م )
بيان المسئوليه,etc الفه بالانجليزية ميشيل م . مزاورى ؛ ترجمه يعقوب ارند ؛ نقله وقدمه احمد الخولى
250 ## - بيان الطبعة
بيان الطبعة ط1
260 ## - PUBLICATION, DISTRIBUTION, ETC. (IMPRINT)
تاريخ النشر أو التوزيع 2006
300 ## - الوصف المادى
التعداد 203 ص :
تفاصيل ماديه اخرى للوعاء خرائط ؛
أبعاد الوعاء 24 سم
504 ## - تبصرة ببليوجرافية
تبصرة ببليوجرافية,الخ يشتمل على ارجاعات ببليوجرافية
650 04 - المدخل الاضافى بالموضوع-مصطلح موضوعى
مصطلح موضوعي الحضارة الاسلامية
التقسيم الفرعي العام تاريخ
650 04 - المدخل الاضافى بالموضوع-مصطلح موضوعى
مصطلح موضوعي التاريخ الاسلامى
650 04 - المدخل الاضافى بالموضوع-مصطلح موضوعى
مصطلح موضوعي التصوف الاسلامى
650 04 - المدخل الاضافى بالموضوع-مصطلح موضوعى
مصطلح موضوعي الطرق الصوفية
700 0# - المدخل الاضافى - اسم شخصى
الإسم الشخصى يعقوب ارند
الدور مترجم
700 0# - المدخل الاضافى - اسم شخصى
الإسم الشخصى احمد الخولى
الدور ناقل ومعلق
942 ## - عناصر المدخل الإضافي( كوها)
مصدر التصنيف او مخطط الترفيف Dewey Decimal Classification
Koha [default] item type كتاب
260 ## - PUBLICATION, DISTRIBUTION, ETC. (IMPRINT)
-- القاهرة :
-- دار الفكر العربى ،
Holdings
حالة التراجع حالة الفقد حالة تلف ليس للاعارة المكان المؤقت الموقع الحالى تاريخ الاكتساب اجمالي اﻻعارات رقم الطلب الباركود تاريخ اخر مشاهدة تاريخ تفعيل السعر نوع وعاء كوها
        مكتبة القاهرة الكبرى مكتبة القاهرة الكبرى 12/17/2014   953.07\ م أ 159031 12/17/2014 12/17/2014 كتاب

Powered By

EGPV